000 00855nam a2200217Ia 4500
999 _c39366
_d39366
001 5955
003 GE_BSU
005 20190902124943.0
008 181216s1999||||ge |||||||||||||| ||geo||
040 _cGE_BSU
041 _ageo
080 _a821.353.1-1 ა-13
100 _aაბაშიძე, ინგა
_93856
245 _aგიმზერ სამყაროვ :
_bლექსები /
_cინგა აბაშიძე ; რედ. ხათუნა თავდგირიძე.
264 _aბათუმი :
_bს.ს.გამომცემლობა აჭარა ;
_c1999.
300 _a50 გვ. ;
_c14 სმ.
653 _aგიმზერ სამყაროვ
653 _aლექსები
700 _aთავდგირიძე, ხათუნა.
_eრედ
_93857
942 _cBK
_2udc